The Hunger Games Characters - Statistics

General Stats
  • This quiz has been taken 468 times
    456 since last reset
  • The average score is 19 of 24
Answer Stats
Hint Answer % Correct
The girl on fire Katniss
99%
The boy with the bread Peeta
99%
District 12 drunken mentor Haymitch
97%
Katniss sister Prim
97%
Katniss best friend Gale
95%
Katniss partner who got speared Rue
91%
District 12 anouncer Effie
90%
Presidents Name Snow
90%
Katniss's choice of weapon Bow and Arrow
87%
Katniss's head stylist Cinna
87%
Katniss's sisters cat Buttercup
86%
The boy tribute from District eleven Thresh
86%
Died from nightlock berries Foxface
85%
Died from tracker jackers Glimmer
84%
Katniss's sisters goat Lady
79%
District 12 token Mockingjay
79%
Helpers with no tongues Avox
75%
Author of the series Suzanne Collins
73%
Peeta's head sylist Portia
67%
Gift mayors daughter gave Katniss Pin
66%
Creation that killed Cato Mutts
54%
How did Katniss's father die? Mine explosion
46%
Last three opponents in the games Cato, Katniss, and Peeta
33%
Peeta's strong point Camouflage
21%
No matching quizzes found
Score Distribution
Percent of People with Each Score
Percentile by Number Answered
Your Score History
You have not taken this quiz since the last reset